Countries that withdrew recognition of Kosovo - Statistics

General Stats
  • This quiz has been taken 29 times
  • The average score is 5 of 10
Answer Stats
Continent Period of recongition Answer % Correct
South America 2016-2017 Suriname
77%
Oceania 2012-2018 Papua New Guinea
64%
Oceania 2009-2019 Palau
59%
North America 2012-2018 Dominica
55%
Oceania 2014-2018 Solomon Islands
50%
North America 2013-2018 Grenada
41%
Africa 2017-2018 Madagascar
41%
Africa 2012-2018 Burundi
32%
Africa 2014-2018 Lesotho
32%
Africa 2009-2018 Comoros
23%
No matching quizzes found
Score Distribution
Percent of People with Each Score
Percentile by Number Answered
Your Score History
You have not taken this quiz